000 00658nam a2200193 i 4500
001 109182
003 ES-MaACL
005 20250820063042.0
007 t|
008 061121s1901 sp r ||||1| spa d
100 1 _aOliver, Miquel dels Sants,
_d1864-1920
_986825
245 1 0 _aMallorca durante la primera revolución (1808 a 1814) /
_cpor Miguel S. Oliver.
260 _aPalma de Mallorca :
_bArmengol y Muntaner,
_c1901.
300 _a686 p. ;
_c23 cm.
651 4 _aEspaƱa-
_xHistoria-
_y1808-1814, Guerra de la Independencia
_98244
651 4 _aMallorca-
_xHistoria-
_yS.XIX.
_9165145
852 _aES-MaACL
_jB-612
999 _c109182
_d109182